| 000 | 00619nam a2200229Ia 4500 | ||
|---|---|---|---|
| 008 | 160303s9999 xx 000 0 und d | ||
| 020 | _a971-707-082-2 | ||
| 050 | _aFIL HB 615 | ||
| 050 | _b.O73 2004 c.2 | ||
| 100 | _aOrcullo, N.A., Jr. | ||
| 245 | _aContemporary entrepreneurship / | ||
| 245 | _cN.A. Orcullo, Jr. | ||
| 260 | _aQuezon City: | ||
| 260 | _bAcademic Pub. Corporation, | ||
| 260 | _c2004 | ||
| 300 | _a298 pages : | ||
| 300 | _billustrations ; | ||
| 300 | _c22 cm. | ||
| 500 | _aIncludes bibliographical references. | ||
| 650 | _aEntrepreneurship. | ||
| 650 | _aNew business enterprises. | ||
| 999 |
_c291370 _d291370 |
||